Implement customer service standards / (Record no. 81851)

MARC details
000 -LEADER
fixed length control field 00532nam a22001817a 4500
005 - DATE AND TIME OF LATEST TRANSACTION
control field 20140115102621.0
010 ## - LCCN (DPL NO)
LC control number ENG-109088
020 ## - INTERNATIONAL STANDARD BOOK NUMBER
International Standard Book Number 9789350620632
Terms of availability 145.00
035 ## - SYSTEM CONTROL NUMBER
System control number EN-92621
037 ## - SOURCE OF ACQUISITION
Source of stock number/acquisition DBAD/PUB
082 ## - DEWEY DECIMAL CLASSIFICATION NUMBER
Classification number 658.812
100 ## - MAIN ENTRY--PERSONAL NAME
Personal name Griffith, Sandra
245 ## - TITLE STATEMENT
Title Implement customer service standards /
Statement of responsibility, etc by Sandra Griffith
260 ## - PUBLICATION, DISTRIBUTION, ETC. (IMPRINT)
Place of publication, distribution, etc New Delhi
Name of publisher, distributor, etc Excel Books
Date of publication, distribution, etc 2012
270 ## - ADDRESS
Address A- 45, Naraina, Phase 1
City New Delhi
Postal code 110028
300 ## - PHYSICAL DESCRIPTION
Extent xiii,114p.
Dimensions 24cm(pbk)
942 ## - ADDED ENTRY ELEMENTS (KOHA)
Source of classification or shelving scheme Dewey Decimal Classification
Item type English Books
Call number suffix GRI
Classification part 658.812
Holdings
Withdrawn status Lost status Not for loan Collection code Home library Current library Date acquired Source of acquisition Cost, normal purchase price Full call number Barcode Copy number Cost, replacement price Koha item type
    Not For Loan Non-fiction D.B.Act.Division D.B.Act.Division 13/01/2014 DBAD/PUB 145.00 658.812 GRI EN-92621 1 145.00 English Books

© Delhi Public Library
Hit Counter
free hit counter